000 00311 a2200145 4500
001 51371
020 _a
040 _cAnchieta - Pituba
100 _aElcilene
240 1 0 _a1ª Inglês, I unidade
_lpor
245 1 0 _a1ª Inglês, I unidade
300 _a5
650 4 _aInglês e inglês antigo
942 _cBK
999 _c51371
_d51371